|
|
|
|
| LEADER |
00000nab a2200000 a 4500 |
| 001 |
vtls000246732 |
| 003 |
SK-MaSNL |
| 005 |
20260304075347.0 |
| 008 |
250423c1986 xo 0 slo |
| 015 |
|
|
|a SNBRB19rr/mm-uuuuu
|
| 035 |
|
|
|a CL0256846
|
| 035 |
|
|
|a urn:nbn:sk:snk-ab6gr
|
| 035 |
|
|
|a (urnnbn)urn:nbn:sk:snk:ar-a035y4
|
| 035 |
|
|
|a (uuid)4b25a007-42e0-4f67-8774-f0eb8302d11c
|
| 040 |
|
|
|a SNKBUCL
|b slo
|c SNKBUCL
|e AACR2
|
| 041 |
0 |
|
|a slo
|
| 044 |
|
|
|a xo
|c SK
|
| 080 |
|
|
|a 792
|2 1981
|
| 080 |
|
|
|a 82.0
|2 1981
|
| 100 |
1 |
|
|a Mrlian, Rudolf,
|d 1916-2010
|4 aut
|9 200791
|
| 245 |
1 |
0 |
|a Dramatické umenia vo svetle tradícií
|c Rudolf Mrlian
|
| 500 |
|
|
|a V časti Štúdie. Res. rus. a nem.
|
| 650 |
0 |
7 |
|a dramatické umenie
|2 snkbucl
|9 185643
|
| 655 |
|
7 |
|a články z novín a časopisov
|2 snkbucl
|9 267496
|
| 655 |
|
7 |
|a články z odboru literárna veda a krásna literatúra
|2 snkbucl
|9 770045
|
| 773 |
0 |
|
|t Slovenský národopis
|g Roč. 34, č. 1-2 (1986), s. 115-122
|
| 850 |
|
|
|a Slovenská národná knižnica
|
| 852 |
|
|
|a Slovenská národná knižnica
|
| 954 |
|
|
|a odborná, vedecká literatúra pôvodná (slovenská)
|2 lita
|
| 958 |
|
|
|a article27
|
| 958 |
|
|
|a RK
|
| 958 |
|
|
|a LX
|
| 958 |
|
|
|a OND
|
| 958 |
|
|
|a EUIPO
|
| 992 |
|
|
|a RBX
|
| 999 |
|
|
|c 2780963
|d 2782893
|